[Event "Tata Steel Masters 2019"]
[Site "Wijk aan Zee NED"]
[Date "2019.01.13"]
[Round "2"]
[White "Ding, Liren"]
[Black "Vidit, Santosh Gujrathi"]
[Result "1/2-1/2"]
[WhiteElo "2813"]
[BlackElo "2695"]
[PlyCount "66"]
[EventDate "2019.01.12"]

1. c4 c5 2. g3 g6 3. Bg2 Bg7 4. Nc3 Nc6 5. b3 e6 6. Ba3 d6 7. e3 Nge7 8. Nge2
O-O 9. O-O Qa5 10. Bb2 d5 11. cxd5 exd5 12. Nf4 Rd8 13. Qc1 d4 14. Na4 c4 15.
Re1 dxe3 16. dxe3 Ne5 17. Bc3 Qb5 18. Qa3 N7c6 19. bxc4 Nxc4 20. Qb3 Qxb3 21.
axb3 Bxc3 22. Nxc3 Nd2 23. Ncd5 Nxb3 24. Ra3 Nba5 25. Rea1 Nc4 26. Rc3 N4e5 27.
Nc7 Rb8 28. Nfd5 Kg7 29. f4 Ng4 30. e4 Nf6 31. Kf2 Ng4+ 32. Kg1 Nf6 33. Kf2
Ng4+ 1/2-1/2

[Event "Tata Steel Masters 2019"]
[Site "Wijk aan Zee NED"]
[Date "2019.01.13"]
[Round "2"]
[White "Duda, Jan-Krzysztof"]
[Black "Van Foreest, Jorden"]
[Result "0-1"]
[WhiteElo "2738"]
[BlackElo "2612"]
[PlyCount "100"]
[EventDate "2019.01.12"]

1. e4 c6 2. d4 d5 3. exd5 cxd5 4. Bf4 Nc6 5. c3 Nf6 6. Nd2 Bg4 7. Qb3 Qc8 8.
Ngf3 e6 9. Bd3 Bh5 10. O-O Bg6 11. Bxg6 hxg6 12. Rae1 Be7 13. g3 O-O 14. Ne5
Nxe5 15. dxe5 Nd7 16. h4 Nc5 17. Qc2 Qc6 18. Re3 Qa6 19. Qb1 Rac8 20. Kg2 b5
21. Bg5 Qb7 22. Bxe7 Qxe7 23. Rh1 a5 24. Qd1 b4 25. Qg4 bxc3 26. bxc3 Rb8 27.
h5 g5 28. h6 g6 29. Nf3 Ne4 30. Re2 Nxc3 31. Rc2 Ne4 32. Nd4 Rbc8 33. Nc6 Qa3
34. Rhc1 Kh7 35. Qe2 g4 36. Qxg4 Rc7 37. Qf4 Rfc8 38. g4 g5 39. Qh2 Nd2 40. Rc3
Qa4 41. Qh5 Qe4+ 42. Kh3 d4 43. Rg3 Qf4 44. Rd1 Ne4 45. Rxd4 Nxg3 46. fxg3 Qf1+
47. Kh2 Rxc6 48. Qxg5 Rc2+ 49. Rd2 Rxd2+ 50. Qxd2 Rc1 0-1

[Event "Tata Steel Challengers 2019"]
[Site "Wijk aan Zee NED"]
[Date "2019.01.14"]
[Round "3"]
[White "Esipenko, Andrey"]
[Black "Keymer, Vincent"]
[Result "1-0"]
[WhiteElo "2584"]
[BlackElo "2500"]
[PlyCount "75"]
[EventDate "2019.01.12"]

1. e4 c5 2. Nf3 d6 3. d4 cxd4 4. Nxd4 Nf6 5. Nc3 a6 6. Nb3 e6 7. g4 b5 8. Bg2
Bb7 9. g5 Nfd7 10. f4 Be7 11. h4 Nc6 12. Be3 Nb6 13. Qe2 Nc4 14. O-O-O Qc7 15.
Kb1 Rc8 16. Bc1 Nb6 17. Qd3 O-O 18. Qh3 Rfe8 19. h5 Na4 20. a3 Na5 21. Nxa5
Qxa5 22. Nxa4 bxa4 23. g6 Qc7 24. c3 Bf8 25. Rhf1 h6 26. f5 exf5 27. exf5 f6
28. Rd4 Bc6 29. Bxc6 Qxc6 30. Qd3 Re5 31. Bf4 Rb5 32. Bxd6 Qg2 33. Bb4 Rcb8 34.
Rd1 a5 35. Qc4+ Kh8 36. Qxb5 Rxb5 37. Rd8 Qe4+ 38. Ka1 1-0

[Event "Tata Steel Challengers 2019"]
[Site "Wijk aan Zee NED"]
[Date "2019.01.14"]
[Round "3"]
[White "Kuipers, Stefan"]
[Black "Maghsoodloo, Parham"]
[Result "0-1"]
[WhiteElo "2470"]
[BlackElo "2679"]
[PlyCount "82"]
[EventDate "2019.01.12"]

1. e4 c5 2. Nf3 d6 3. d4 cxd4 4. Nxd4 Nf6 5. Nc3 Nc6 6. Bg5 e6 7. Qd3 Bd7 8.
O-O-O a6 9. Be2 h6 10. Bh4 Be7 11. f4 Rc8 12. Nxc6 Bxc6 13. f5 O-O 14. fxe6
fxe6 15. Bf3 Qa5 16. Kb1 Be8 17. Bg3 e5 18. Nd5 Nxd5 19. exd5 Bb5 20. Qg6 Rf6
21. Qe4 Be8 22. Qg4 Qc7 23. Be4 Qd7 24. Qe2 Bg6 25. Rhf1 Bxe4 26. Qxe4 b5 27.
b3 a5 28. Bh4 Rff8 29. Bxe7 Qxe7 30. Rf5 Rxf5 31. Qxf5 Qf8 32. Qxf8+ Kxf8 33.
Rd3 b4 34. c4 bxc3 35. Kc2 Rc5 36. a3 Ke7 37. b4 axb4 38. axb4 Rc4 39. Rxc3
Rxc3+ 40. Kxc3 Kd7 41. h4 h5 0-1

[Event "Tata Steel Challengers 2019"]
[Site "Wijk aan Zee NED"]
[Date "2019.01.14"]
[Round "3"]
[White "Gledura, Benjamin"]
[Black "Saduakassova, Dinara"]
[Result "1/2-1/2"]
[WhiteElo "2615"]
[BlackElo "2472"]
[PlyCount "81"]
[EventDate "2019.01.12"]

1. e4 e5 2. Nf3 Nf6 3. Nxe5 d6 4. Nf3 Nxe4 5. Bd3 d5 6. O-O Be7 7. Re1 Nd6 8.
Nc3 c6 9. Qe2 Nd7 10. b4 Nf8 11. b5 Bg4 12. bxc6 bxc6 13. Qe3 Bxf3 14. Qxf3 Ne6
15. Qh5 g6 16. Qg4 O-O 17. Ba3 Nc8 18. Bxe7 Nxe7 19. h4 Nc5 20. Re5 Qd6 21.
Rae1 Ne4 22. Qf4 Nxc3 23. dxc3 f6 24. R5e4 Qxf4 25. Rxf4 Kf7 26. c4 Rfe8 27. h5
Rad8 28. c5 Rb8 29. g4 gxh5 30. gxh5 Rg8+ 31. Kh2 Rg5 32. Rh4 Nf5 33. Rh3 Rb4
34. Rg1 Ke6 35. Rxg5 fxg5 36. Rf3 Rh4+ 37. Kg2 Ng7 38. Re3+ Kf6 39. Rf3+ Ke6
40. Re3+ Kf6 41. Rf3+ 1/2-1/2

[Event "Tata Steel Challengers 2019"]
[Site "Wijk aan Zee NED"]
[Date "2019.01.14"]
[Round "3"]
[White "Chigaev, Maksim"]
[Black "Kovalev, Vladislav"]
[Result "1/2-1/2"]
[WhiteElo "2604"]
[BlackElo "2687"]
[PlyCount "40"]
[EventDate "2019.01.12"]

1. e4 e5 2. Nf3 Nc6 3. Bc4 Bc5 4. c3 Nf6 5. d3 a6 6. Bb3 Ba7 7. h3 h6 8. Nbd2
d6 9. Nf1 Be6 10. Ng3 Qd7 11. Qe2 Bxb3 12. axb3 Ne7 13. O-O Ng6 14. Nf5 O-O 15.
Nh2 Qe6 16. b4 Ne7 17. Ng3 Ng6 18. Nf5 Ne7 19. Ng3 Ng6 20. Nf5 Ne7 1/2-1/2

[Event "Tata Steel Challengers 2019"]
[Site "Wijk aan Zee NED"]
[Date "2019.01.14"]
[Round "3"]
[White "Praggnanandhaa, R."]
[Black "L'Ami, Erwin"]
[Result "1/2-1/2"]
[WhiteElo "2539"]
[BlackElo "2643"]
[PlyCount "69"]
[EventDate "2019.01.12"]

1. e4 e6 2. d4 d5 3. Nc3 Nf6 4. Bg5 dxe4 5. Nxe4 Be7 6. Bxf6 gxf6 7. Nf3 f5 8.
Nc3 a6 9. g3 b5 10. Bg2 Bb7 11. O-O c5 12. d5 b4 13. dxe6 bxc3 14. exf7+ Kf8
15. Qc1 Kg7 16. bxc3 Nd7 17. Qf4 Be4 18. Rfd1 Ra7 19. h4 Bf6 20. Ng5 Bxg5 21.
hxg5 Bxg2 22. Kxg2 Qe7 23. Qxf5 Qxf7 24. Qxf7+ Kxf7 25. Rd6 Re8 26. Rad1 Nf8
27. R1d5 Re2 28. Rxc5 Rxc2 29. Ra5 Rxc3 30. Rdxa6 Rxa6 31. Rxa6 Rc2 32. Rf6+
Ke7 33. Ra6 Kf7 34. Rf6+ Ke7 35. Ra6 1/2-1/2

[Event "Tata Steel Challengers 2019"]
[Site "Wijk aan Zee NED"]
[Date "2019.01.14"]
[Round "3"]
[White "Paehtz, Elisabeth"]
[Black "Korobov, Anton"]
[Result "1/2-1/2"]
[WhiteElo "2477"]
[BlackElo "2699"]
[PlyCount "80"]
[EventDate "2019.01.12"]

1. d4 Nf6 2. c4 e6 3. g3 c5 4. d5 exd5 5. cxd5 g6 6. Bg2 Bg7 7. Nc3 O-O 8. Nf3
d6 9. O-O a6 10. a4 Nbd7 11. Bf4 Qe7 12. Rb1 Re8 13. Qc1 Qf8 14. Re1 h6 15. Qc2
Rb8 16. b4 c4 17. h3 Nh5 18. Bd2 b5 19. axb5 axb5 20. g4 Nhf6 21. e4 Ne5 22.
Nxe5 dxe5 23. f4 Qd6 24. f5 Bd7 25. Be3 Ra8 26. Bc5 Qb8 27. Ra1 Qb7 28. Qd2
Rxa1 29. Rxa1 Ra8 30. Rxa8+ Qxa8 31. Qa2 Qxa2 32. Nxa2 gxf5 33. gxf5 Nh5 34.
Bf1 Bf6 35. Bd6 Nf4 36. Kh2 h5 37. Kg3 Bg7 38. Nc3 f6 39. h4 Bh6 40. Bc5 Kf7
1/2-1/2

[Event "Tata Steel Masters 2019"]
[Site "Wijk aan Zee NED"]
[Date "2019.01.14"]
[Round "3"]
[White "Vidit, Santosh Gujrathi"]
[Black "Carlsen, Magnus"]
[Result "1/2-1/2"]
[WhiteElo "2695"]
[BlackElo "2835"]
[PlyCount "261"]
[EventDate "2019.01.12"]

1. Nf3 Nf6 2. g3 g6 3. c4 Bg7 4. Bg2 O-O 5. Nc3 c5 6. d4 d6 7. dxc5 dxc5 8.
Qxd8 Rxd8 9. Ne5 Ne8 10. Nd3 Nd6 11. Bf4 Na6 12. Rc1 Bf5 13. O-O Bxd3 14. exd3
Nb4 15. Rfd1 Rac8 16. a3 Nc6 17. Bxd6 Rxd6 18. Ne4 Re6 19. Nxc5 Re2 20. b4 b6
21. Bxc6 Rxc6 22. Nb3 Ra2 23. d4 Rxa3 24. d5 Rc7 25. Nd4 Bxd4 26. Rxd4 Ra4 27.
c5 bxc5 28. Rdc4 Rd7 29. bxc5 Rxc4 30. Rxc4 Rxd5 31. c6 Rd8 32. Ra4 Ra8 33. c7
Rc8 34. Rxa7 Kf8 35. g4 f6 36. Kg2 Ke8 37. Ra3 Rxc7 38. Ra8+ Kf7 39. Rh8 Kg7
40. Re8 h6 41. Kg3 Ra7 42. Kg2 h5 43. gxh5 gxh5 44. h4 e5 45. Rb8 Ra4 46. Kg3
Ra3+ 47. Kg2 Kg6 48. f3 Rd3 49. Rb6 Kf5 50. Ra6 Rd8 51. Kg3 Rg8+ 52. Kf2 Re8
53. Kg3 Rd8 54. Kg2 Re8 55. Kg3 Re6 56. Ra8 Rd6 57. Rh8 Kg6 58. Rg8+ Kh7 59.
Re8 Kg7 60. Re7+ Kg6 61. Kh3 Kf5 62. Kg3 Rd3 63. Re8 Rc3 64. Re7 Re3 65. Rh7
Kg6 66. Re7 Rd3 67. Kf2 Kf5 68. Kg3 Rb3 69. Re8 Ra3 70. Re7 Rd3 71. Re8 Rd7 72.
Ra8 Rg7+ 73. Kf2 Re7 74. Kg3 Rb7 75. Rc8 Rb1 76. Rc6 Rg1+ 77. Kf2 Rg8 78. Ra6
Rb8 79. Kg3 Kg6 80. Kg2 Rb2+ 81. Kg3 Rd2 82. Kh3 Kf7 83. Ra7+ Ke6 84. Ra6+ Rd6
85. Ra8 Rd3 86. Kg2 Kf5 87. Ra6 Rd4 88. Kg3 Rb4 89. Ra8 e4 90. fxe4+ Rxe4 91.
Rh8 Kg6 92. Rg8+ Kh7 93. Ra8 Rb4 94. Rc8 Rg4+ 95. Kh3 Rg8 96. Rc1 Ra8 97. Rg1
Rg8 98. Ra1 Kg6 99. Ra5 Rb8 100. Kg3 Rb3+ 101. Kg2 Re3 102. Rb5 Re5 103. Rb8
Kf5 104. Kf3 Ra5 105. Rb3 Ra4 106. Rb5+ Kg6 107. Kg3 Rg4+ 108. Kh3 Re4 109. Kg3
Rg4+ 110. Kh3 Rg1 111. Kh2 Re1 112. Kg3 Re5 113. Rb3 Kf5 114. Kf3 Ra5 115. Rc3
Ra4 116. Rc5+ Kg6 117. Kg3 Rg4+ 118. Kh3 Re4 119. Kg3 f5 120. Rc6+ Kg7 121.
Rc7+ Kf6 122. Rc6+ Re6 123. Rc4 Ke5 124. Rc5+ Ke4 125. Rc4+ Ke3 126. Rc3+ Kd4
127. Rc8 Re4 128. Ra8 Rg4+ 129. Kf3 Ke5 130. Ra5+ Kf6 131. Ra6+ 1/2-1/2

[Event "Tata Steel Masters 2019"]
[Site "Wijk aan Zee NED"]
[Date "2019.01.14"]
[Round "3"]
[White "Van Foreest, Jorden"]
[Black "Ding, Liren"]
[Result "0-1"]
[WhiteElo "2612"]
[BlackElo "2813"]
[PlyCount "100"]
[EventDate "2019.01.12"]

1. e4 e5 2. Nf3 Nc6 3. Bc4 Nf6 4. d3 Bc5 5. c3 d6 6. O-O O-O 7. Re1 a5 8. Bg5
h6 9. Bh4 g5 10. Bg3 Nh7 11. d4 Bb6 12. dxe5 h5 13. h4 Bg4 14. Nbd2 Nxe5 15.
Be2 Nxf3+ 16. Nxf3 Bxf3 17. Bxf3 gxh4 18. Bh2 h3 19. e5 Qh4 20. Qd2 dxe5 21.
Rxe5 Rad8 22. Qe2 Ng5 23. Bxb7 f6 24. Re7 Rf7 25. Rxf7 Kxf7 26. Re1 Kg6 27.
Qc2+ f5 28. Qe2 hxg2 29. Bxg2 Qg4 30. Kf1 h4 31. b3 Qxe2+ 32. Kxe2 Re8+ 33. Kf1
Rxe1+ 34. Kxe1 h3 35. Bd5 Ne4 36. Bxe4 fxe4 37. Ke2 Kf5 38. f3 c6 39. b4 a4 40.
c4 Bd4 41. fxe4+ Kxe4 42. Kf1 Kd3 43. b5 cxb5 44. cxb5 Kc4 45. Ke2 Kxb5 46. Kf3
Kb4 47. Kg4 Ka3 48. Kxh3 Kxa2 49. Bd6 Kb3 50. Kg2 Bc3 0-1

[Event "Tata Steel Masters 2019"]
[Site "Wijk aan Zee NED"]
[Date "2019.01.14"]
[Round "3"]
[White "Giri, Anish"]
[Black "Mamedyarov, Shakhriyar"]
[Result "1/2-1/2"]
[WhiteElo "2783"]
[BlackElo "2817"]
[PlyCount "62"]
[EventDate "2019.01.12"]

1. d4 Nf6 2. c4 g6 3. Nc3 d5 4. Nf3 Bg7 5. Qb3 dxc4 6. Qxc4 O-O 7. e4 Nc6 8.
Be2 e5 9. d5 Nd4 10. Nxd4 exd4 11. Qxd4 c6 12. Qc4 b5 13. Qxc6 Bd7 14. Qd6 Re8
15. Bg5 Rb8 16. a3 a5 17. O-O b4 18. axb4 axb4 19. Nd1 Nxe4 20. Bxd8 Nxd6 21.
Bc7 Rb7 22. Bxd6 Rxe2 23. Ra8+ Re8 24. Rxe8+ Bxe8 25. Re1 Bd7 26. Re4 Ba4 27.
b3 f5 28. Rxb4 Rxb4 29. Bxb4 Bxb3 30. Nc3 Bxc3 31. Bxc3 Bxd5 1/2-1/2

[Event "Tata Steel Masters 2019"]
[Site "Wijk aan Zee NED"]
[Date "2019.01.14"]
[Round "3"]
[White "Nepomniachtchi, Ian"]
[Black "Kramnik, Vladimir"]
[Result "1-0"]
[WhiteElo "2763"]
[BlackElo "2777"]
[PlyCount "71"]
[EventDate "2019.01.12"]

1. e4 e5 2. Nf3 Nc6 3. Bb5 Nf6 4. O-O Nxe4 5. Re1 Nd6 6. Nxe5 Be7 7. Bf1 Nxe5
8. Rxe5 O-O 9. d4 Bf6 10. Re1 Re8 11. c3 Rxe1 12. Qxe1 Ne8 13. d5 b6 14. Bf4
Bb7 15. Qd2 h6 16. c4 c6 17. Nc3 cxd5 18. cxd5 d6 19. Re1 Nc7 20. Bc4 Bxc3 21.
bxc3 Qf6 22. h3 Rc8 23. Re4 b5 24. Bb3 a5 25. a3 Qf5 26. Rd4 Qb1+ 27. Bd1 b4
28. cxb4 Nb5 29. Qd3 Qa1 30. Re4 Bxd5 31. Re1 Bc4 32. Qf5 Rf8 33. Kh2 g6 34.
Qe4 d5 35. Qe7 axb4 36. Be5 1-0

[Event "Tata Steel Masters 2019"]
[Site "Wijk aan Zee NED"]
[Date "2019.01.14"]
[Round "3"]
[White "Shankland, Samuel"]
[Black "Anand, Viswanathan"]
[Result "1/2-1/2"]
[WhiteElo "2725"]
[BlackElo "2773"]
[PlyCount "69"]
[EventDate "2019.01.12"]

1. d4 Nf6 2. c4 e6 3. Nf3 d5 4. Nc3 Be7 5. Bf4 O-O 6. e3 b6 7. Bd3 dxc4 8. Bxc4
Ba6 9. Bxa6 Nxa6 10. Qa4 Qc8 11. O-O c5 12. Rac1 Qb7 13. a3 Rfc8 14. Nb5 Nb8
15. dxc5 bxc5 16. Ne5 Nbd7 17. Nxd7 Qxd7 18. Rfd1 Qc6 19. Bd6 Qb7 20. Be5 Nd5
21. Qg4 g6 22. e4 Qxb5 23. exd5 exd5 24. Rxd5 Rd8 25. Rcd1 Rxd5 26. Rxd5 Qc6
27. Qd1 Re8 28. Bc3 Bf6 29. Rd6 Qxd6 30. Qxd6 Rd8 31. Qa6 Rd1+ 32. Qf1 Rxf1+
33. Kxf1 Bxc3 34. bxc3 Kf8 35. Ke2 1/2-1/2

[Event "Tata Steel Masters 2019"]
[Site "Wijk aan Zee NED"]
[Date "2019.01.14"]
[Round "3"]
[White "Radjabov, Teimour"]
[Black "Rapport, Richard"]
[Result "1/2-1/2"]
[WhiteElo "2757"]
[BlackElo "2731"]
[PlyCount "63"]
[EventDate "2019.01.12"]

1. e4 c5 2. Nf3 e6 3. d4 cxd4 4. Nxd4 Nc6 5. Nc3 Qc7 6. Be3 a6 7. Qd2 b5 8.
O-O-O Nxd4 9. Bxd4 Bb7 10. f3 Nf6 11. Qg5 Rc8 12. Bd3 h6 13. Qg3 Qxg3 14. hxg3
Bc5 15. Ne2 Bxd4 16. Nxd4 Ke7 17. Kd2 Rc7 18. c3 Rb8 19. Ra1 Bc8 20. b4 d6 21.
a4 e5 22. Ne2 Bd7 23. axb5 Bxb5 24. Rhc1 Bxd3 25. Kxd3 d5 26. exd5 Nxd5 27. Kd2
Rd8 28. Ke1 Rdc8 29. Rxa6 Nxb4 30. cxb4 Rxc1+ 31. Nxc1 Rxc1+ 32. Kf2 1/2-1/2

[Event "Tata Steel Masters 2019"]
[Site "Wijk aan Zee NED"]
[Date "2019.01.14"]
[Round "3"]
[White "Fedoseev, Vladimir3"]
[Black "Duda, Jan-Krzysztof"]
[Result "0-1"]
[WhiteElo "2724"]
[BlackElo "2738"]
[PlyCount "71"]
[EventDate "2019.01.12"]

1. d4 Nf6 2. c4 e6 3. g3 d5 4. Bg2 dxc4 5. Qa4+ Nbd7 6. Qxc4 c5 7. dxc5 Bxc5 8.
Nc3 a6 9. Qb3 Ra7 10. Na4 Qa5+ 11. Kf1 b6 12. Nxc5 Nxc5 13. Qc2 O-O 14. Nf3 Bb7
15. Bd2 Qb5 16. Nd4 Qd7 17. Bxb7 Rxb7 18. Nf3 Nce4 19. Rc1 Qd5 20. Bb4 Re8 21.
Kg2 Qb5 22. Ba3 h5 23. Rhf1 Rd7 24. e3 h4 25. Nxh4 Rd2 26. Qc4 Qxc4 27. Rxc4 b5
28. Rd4 Rc2 29. Bb4 e5 30. Rd3 Rxb2 31. a3 Ng4 32. Be1 Rc8 33. Nf5 Rcc2 34.
Rd8+ Kh7 35. Kh3 Ngxf2+ 36. Kh4 0-1

[Event "Tata Steel Challengers 2019"]
[Site "Wijk aan Zee NED"]
[Date "2019.01.15"]
[Round "4"]
[White "L'Ami, Erwin"]
[Black "Chigaev, Maksim"]
[Result "1/2-1/2"]
[WhiteElo "2643"]
[BlackElo "2604"]
[PlyCount "95"]
[EventDate "2019.01.12"]

1. e4 e5 2. Nf3 Nc6 3. Bb5 a6 4. Ba4 Nf6 5. O-O Be7 6. d3 d6 7. c3 O-O 8. Nbd2
Re8 9. Re1 Bf8 10. Nf1 h6 11. Ng3 b5 12. Bc2 d5 13. h3 Bb7 14. Nh2 dxe4 15.
dxe4 Qxd1 16. Rxd1 Red8 17. Ng4 Nxg4 18. hxg4 Rxd1+ 19. Bxd1 Nd8 20. Bb3 Be7
21. Be3 Bg5 22. Bc5 Bc8 23. f3 Be6 24. Bc2 Nb7 25. Bf2 Rd8 26. Nf1 Bc4 27. b3
Bd3 28. Bxd3 Rxd3 29. Be1 Nc5 30. Kf2 Rd8 31. Ke2 Nd3 32. Ne3 Nxe1 33. Rxe1
Bxe3 34. Kxe3 c5 35. Ke2 c4 36. bxc4 bxc4 37. Rd1 Rb8 38. Ke3 Rb2 39. Rd2 Rb1
40. Rd6 Rb2 41. Rxa6 Rc2 42. a4 Rxc3+ 43. Kd2 Ra3 44. a5 c3+ 45. Kc2 g5 46.
Rxh6 Rxa5 47. Kxc3 Ra2 48. Rh2 1/2-1/2

[Event "Tata Steel Challengers 2019"]
[Site "Wijk aan Zee NED"]
[Date "2019.01.15"]
[Round "4"]
[White "Kovalev, Vladislav"]
[Black "Van Foreest, Lucas"]
[Result "1-0"]
[WhiteElo "2687"]
[BlackElo "2502"]
[PlyCount "158"]
[EventDate "2019.01.12"]

1. e4 e5 2. Nf3 Nc6 3. Bb5 Nf6 4. O-O Nxe4 5. Re1 Nd6 6. Nxe5 Be7 7. Bf1 Nxe5
8. Rxe5 O-O 9. d4 Bf6 10. Re1 Re8 11. c3 Rxe1 12. Qxe1 Ne8 13. d5 c6 14. Be3
cxd5 15. Qd2 Nc7 16. Na3 d6 17. Nc2 Bf5 18. Nb4 Be4 19. Rd1 Qe7 20. a3 h6 21.
f3 Bf5 22. Qf2 b6 23. Nxd5 Nxd5 24. Rxd5 Be6 25. Rd2 Bb3 26. Bd4 Bxd4 27. Rxd4
d5 28. Qe2 Kf8 29. Kf2 Re8 30. Qxe7+ Kxe7 31. Bb5 Rc8 32. h4 f6 33. h5 Kd6 34.
Rg4 Rc7 35. Ke3 Re7+ 36. Kd2 Kc5 37. Ba6 Ba2 38. a4 Bb3 39. Kd3 Bd1 40. Kd2 Bb3
41. Rf4 Re5 42. g4 Re8 43. Rd4 Re7 44. Rf4 Re8 45. Be2 Re7 46. Bd1 Bxd1 47.
Kxd1 Re8 48. Kd2 Re7 49. b4+ Kc6 50. Rd4 Re5 51. c4 dxc4 52. Rxc4+ Kd7 53. Rd4+
Kc6 54. Kd3 Rg5 55. Kc4 a6 56. Rd8 b5+ 57. axb5+ axb5+ 58. Kd4 f5 59. f4 Rxg4
60. Ke5 Rh4 61. Rd6+ Kc7 62. Rg6 Rxh5 63. Rxg7+ Kc6 64. Rg6+ Kc7 65. Re6 Kb7
66. Kf6 Rh1 67. Kxf5 h5 68. Re5 Kc6 69. Ke6 h4 70. f5 h3 71. f6 Rf1 72. Re2 Rf4
73. Rc2+ Kb6 74. f7 Rf3 75. Re2 Kc6 76. Ke7 Kd5 77. f8=Q Rxf8 78. Kxf8 Kc4 79.
Re4+ Kd5 1-0

[Event "Tata Steel Challengers 2019"]
[Site "Wijk aan Zee NED"]
[Date "2019.01.15"]
[Round "4"]
[White "Keymer, Vincent"]
[Black "Praggnanandhaa, R."]
[Result "1/2-1/2"]
[WhiteElo "2500"]
[BlackElo "2539"]
[PlyCount "73"]
[EventDate "2019.01.12"]

1. d4 Nf6 2. c4 e6 3. Nf3 d5 4. Nc3 dxc4 5. e4 Bb4 6. Bxc4 Nxe4 7. O-O Nxc3 8.
bxc3 Bd6 9. Ng5 h6 10. Qh5 O-O 11. Ne4 f5 12. Nxd6 cxd6 13. Re1 Rf6 14. Bf4 d5
15. Bd3 Nc6 16. Rab1 b6 17. h4 Bd7 18. Re3 Qf8 19. Rbe1 Rc8 20. Qd1 Ne7 21. Ba6
Rd8 22. Bc7 Ra8 23. Be5 Rf7 24. h5 Nc6 25. Bf4 Na5 26. Qe2 Re8 27. Bb5 Qe7 28.
Bxd7 Qxd7 29. Rxe6 Rxe6 30. Qxe6 Qxe6 31. Rxe6 Nc4 32. Kf1 Kf8 33. a4 Rd7 34.
Rc6 Kf7 35. Ke2 Re7+ 36. Kd1 Re6 37. Rc7+ 1/2-1/2

[Event "Tata Steel Challengers 2019"]
[Site "Wijk aan Zee NED"]
[Date "2019.01.15"]
[Round "4"]
[White "Korobov, Anton"]
[Black "Saduakassova, Dinara"]
[Result "1/2-1/2"]
[WhiteElo "2699"]
[BlackElo "2472"]
[PlyCount "66"]
[EventDate "2019.01.12"]

1. d4 Nf6 2. c4 e6 3. Nc3 Bb4 4. e3 O-O 5. Bd3 d5 6. Nf3 c5 7. O-O Nc6 8. a3
Ba5 9. Na4 dxc4 10. Bxc4 cxd4 11. exd4 h6 12. Be3 Ne7 13. Rc1 Bc7 14. Nc3 a6
15. Bd3 b6 16. Ne4 Nfd5 17. Bd2 Nf5 18. Ng3 Nxg3 19. hxg3 Bb7 20. Re1 Nf6 21.
Qe2 Qd7 22. Rc2 Rfd8 23. Be3 b5 24. Rc5 Ng4 25. Bh7+ Kf8 26. Ne5 Nxe5 27. dxe5
Bb6 28. Qg4 g5 29. Qh5 Kg7 30. Bxg5 hxg5 31. Qxg5+ Kxh7 32. Qh5+ Kg7 33. Qg5+
Kh7 1/2-1/2

[Event "Tata Steel Challengers 2019"]
[Site "Wijk aan Zee NED"]
[Date "2019.01.15"]
[Round "4"]
[White "Maghsoodloo, Parham"]
[Black "Esipenko, Andrey"]
[Result "1/2-1/2"]
[WhiteElo "2679"]
[BlackElo "2584"]
[PlyCount "59"]
[EventDate "2019.01.12"]

1. Nf3 Nf6 2. c4 c5 3. Nc3 d5 4. cxd5 Nxd5 5. g3 Nc6 6. Bg2 Nc7 7. O-O e5 8. b3
Be7 9. Bb2 O-O 10. Ne1 Qd7 11. Nd3 b6 12. Bxc6 Qxc6 13. Nxe5 Qe6 14. Nd3 Bb7
15. Nf4 Qd7 16. d3 Rad8 17. f3 f5 18. Qd2 Bg5 19. Rad1 Ne6 20. e3 Rfe8 21. Nce2
Ba6 22. Nc1 Nc7 23. Qf2 Nd5 24. Rfe1 Qf7 25. a3 Bb7 26. Ng2 Nc7 27. Nf4 Nd5 28.
Ng2 Nc7 29. Nf4 Nd5 30. Ng2 1/2-1/2

[Event "Tata Steel Challengers 2019"]
[Site "Wijk aan Zee NED"]
[Date "2019.01.15"]
[Round "4"]
[White "Paehtz, Elisabeth"]
[Black "Kuipers, Stefan"]
[Result "1/2-1/2"]
[WhiteElo "2477"]
[BlackElo "2470"]
[PlyCount "72"]
[EventDate "2019.01.12"]

1. e4 e6 2. d4 d5 3. Nc3 Nf6 4. Bg5 dxe4 5. Nxe4 Be7 6. Bxf6 Bxf6 7. Nf3 Bd7 8.
Bd3 Bc6 9. c3 Bxe4 10. Bxe4 c6 11. Qe2 Nd7 12. O-O O-O 13. Rfe1 Qc7 14. Rad1
Rad8 15. g3 Rfe8 16. Kg2 g6 17. Bc2 c5 18. h4 cxd4 19. Nxd4 a6 20. h5 Ne5 21.
hxg6 hxg6 22. Be4 b5 23. a4 bxa4 24. Ra1 Rd6 25. Rxa4 Rb8 26. Rea1 Rdb6 27.
R1a2 a5 28. Rxa5 Rxb2 29. Rxb2 Rxb2 30. Ra8+ Rb8 31. Rxb8+ Qxb8 32. f4 Nd7 33.
Bxg6 Bxd4 34. cxd4 Qd6 35. Bc2 Qxd4 36. Qd3 Qxd3 1/2-1/2

[Event "Tata Steel Challengers 2019"]
[Site "Wijk aan Zee NED"]
[Date "2019.01.15"]
[Round "4"]
[White "Bareev, Evgeny"]
[Black "Gledura, Benjamin"]
[Result "1/2-1/2"]
[WhiteElo "2650"]
[BlackElo "2615"]
[PlyCount "72"]
[EventDate "2019.01.12"]

1. d4 Nf6 2. Nf3 g6 3. Bg5 Bg7 4. e3 O-O 5. Nbd2 d5 6. Bd3 c5 7. c3 b6 8. O-O
Nc6 9. Re1 h6 10. Bxf6 Bxf6 11. e4 e6 12. e5 Be7 13. a3 a5 14. Qe2 Kg7 15. Nf1
a4 16. Ne3 Bd7 17. Rad1 cxd4 18. cxd4 Rb8 19. g3 b5 20. h4 b4 21. h5 bxa3 22.
bxa3 Bxa3 23. Bc2 Ne7 24. Ng4 Nf5 25. Rb1 Be7 26. Kg2 a3 27. hxg6 fxg6 28. Qd2
g5 29. Rh1 a2 30. Rxb8 Qxb8 31. Nf6 Bxf6 32. exf6+ Rxf6 33. Bxf5 exf5 34. Qxa2
f4 35. Ne5 Bf5 36. gxf4 Be4+ 1/2-1/2

[Event "Tata Steel Masters 2019"]
[Site "Wijk aan Zee NED"]
[Date "2019.01.15"]
[Round "4"]
[White "Carlsen, Magnus"]
[Black "Kramnik, Vladimir"]
[Result "1/2-1/2"]
[WhiteElo "2835"]
[BlackElo "2777"]
[PlyCount "112"]
[EventDate "2019.01.12"]

1. e4 e5 2. Nf3 Nc6 3. Bb5 Nf6 4. d3 Bc5 5. c3 d5 6. Nbd2 dxe4 7. dxe4 O-O 8.
O-O Qe7 9. b4 Bd6 10. a3 a5 11. Rb1 axb4 12. axb4 Be6 13. Re1 Rfd8 14. Qc2 h6
15. Bf1 Ra2 16. Bb2 Qe8 17. Nc4 b5 18. Ne3 Ne7 19. Ra1 Rda8 20. Rxa2 Rxa2 21.
Ra1 Rxa1 22. Bxa1 Qa8 23. Bb2 Qxe4 24. Qxe4 Nxe4 25. Bxb5 f5 26. Bd3 Nf6 27.
Bf1 g5 28. Nc4 Bxc4 29. Bxc4+ Kg7 30. Nd2 e4 31. Bb3 c6 32. h3 h5 33. Kf1 Kg6
34. Nc4 Bc7 35. Na5 Nd7 36. Ba4 Nb6 37. Bxc6 Nxc6 38. Nxc6 Nc4 39. Bc1 f4 40.
f3 exf3 41. gxf3 g4 42. Kg2 Kg5 43. b5 g3 44. Nb4 Ne3+ 45. Bxe3 fxe3 46. Nd3 e2
47. f4+ Bxf4 48. b6 Kf5 49. Kf3 g2 50. Kxg2 Ke4 51. Ne1 Ke3 52. b7 h4 53. c4
Bg3 54. c5 Kd2 55. Nf3+ Kd1 56. c6 Kc1 1/2-1/2

[Event "Tata Steel Masters 2019"]
[Site "Wijk aan Zee NED"]
[Date "2019.01.15"]
[Round "4"]
[White "Rapport, Richard"]
[Black "Giri, Anish"]
[Result "0-1"]
[WhiteElo "2731"]
[BlackElo "2783"]
[PlyCount "80"]
[EventDate "2019.01.12"]

1. d4 d5 2. Nc3 Nf6 3. Bf4 e6 4. Nb5 Na6 5. e3 Be7 6. Nf3 O-O 7. Bd3 c6 8. Nc3
Nb4 9. h3 Nxd3+ 10. cxd3 b6 11. O-O Bb7 12. Qb3 Nd7 13. Rfe1 Rc8 14. Rac1 h6
15. Bg3 a5 16. Na4 Ba6 17. Ne5 Nxe5 18. Bxe5 Bb5 19. Re2 Re8 20. Rec2 Bf8 21.
Nxb6 Qxb6 22. a4 Ra8 23. g4 Qd8 24. axb5 a4 25. Qc3 cxb5 26. Qc6 b4 27. Bc7 Qg5
28. f4 Qg6 29. e4 h5 30. g5 h4 31. Kf2 a3 32. b3 Rec8 33. Qb7 dxe4 34. dxe4 f6
35. Be5 Rxc2+ 36. Rxc2 Re8 37. gxf6 gxf6 38. Kf1 Re7 39. Qc6 Rg7 40. Qxe6+ Kh7
0-1

[Event "Tata Steel Masters 2019"]
[Site "Wijk aan Zee NED"]
[Date "2019.01.15"]
[Round "4"]
[White "Ding, Liren"]
[Black "Fedoseev, Vladimir3"]
[Result "1/2-1/2"]
[WhiteElo "2813"]
[BlackElo "2724"]
[PlyCount "85"]
[EventDate "2019.01.12"]

1. c4 e6 2. Nc3 d5 3. d4 Nf6 4. cxd5 exd5 5. Bg5 c6 6. e3 Be7 7. Bd3 Nbd7 8.
Nge2 Nf8 9. O-O Ne6 10. Bh4 g6 11. b4 a6 12. Na4 O-O 13. Nc5 Ng7 14. Rc1 Nfe8
15. Bxe7 Qxe7 16. a4 Nd6 17. b5 axb5 18. axb5 Bf5 19. bxc6 bxc6 20. Nf4 Rfb8
21. Re1 Ra2 22. Bf1 h5 23. Ra1 Rxa1 24. Qxa1 Ne4 25. Nxe4 Bxe4 26. Rc1 Ne6 27.
Nd3 Bxd3 28. Bxd3 Qc7 29. h3 Kg7 30. Rc3 Rb6 31. Ra3 Rb8 32. Rc3 Rb6 33. Qa8
Qd6 34. Rc1 Qc7 35. h4 Qd6 36. Bf1 Nd8 37. Qa5 Rb3 38. g3 Qf6 39. Qa2 Rb6 40.
Bh3 Qd6 41. Kg2 Qe7 42. Qe2 Nb7 43. Kg1 1/2-1/2